Podaj Nazwe Kolorów w Fladze - Norwegia - Statystyki

Ogólne statystyki
  • Ten quiz został rozwiązany 51 razy
  • Średni wynik to 13 z 14
Odpowiedzi na mapie
Odpowiedzi zakodowano w zielono-czerwonej skali na mapie do tego quizu, zgodnie z poniższymi procentami.
 
Statystyki odpowiedzi
Odpowiedź % Poprawnych
Biały
100%
Biały
100%
Biały
100%
Biały
100%
Biały
100%
Biały
100%
Biały
100%
Biały
100%
Czerwony
91%
Czerwony
91%
Czerwony
91%
Czerwony
91%
Niebieski
85%
Niebieski
85%
Nie znaleziono quizów pasujących do podanych kryteriów
Rozkład punktacji
Procent ludzi z każdym wynikiem
Percentyl według liczby udzielonych odpowiedzi
Twoja historia wyników
Nie rozwiązałeś tego quizu